Entscheidungskriterien bei der Auswahl der Einkaufsstätte im Einzelhandel - Eine Studie zum Käuferverhalten in der Ostslowakei
Enregistré dans:
| Auteur principal: | |
|---|---|
| Autres auteurs: | |
| Format: | Chapitre de livre |
| Langue: | allemand |
| Tags: |
Pas de tags, Soyez le premier à ajouter un tag!
|
MARC
| LEADER | 00000nla$a2200000$$$4500 | ||
|---|---|---|---|
| 001 | 0051570 | ||
| 005 | 20240502083136.1 | ||
| 041 | 0 | |a ger | |
| 044 | |a AT | ||
| 245 | 1 | 0 | |a Entscheidungskriterien bei der Auswahl der Einkaufsstätte im Einzelhandel - Eine Studie zum Käuferverhalten in der Ostslowakei |c Vanda Lieskovská, Vladimír Gazda |
| 500 | |a Prezentácia | ||
| 100 | 1 | |a Lieskovská, Vanda, 1961- | |
| 700 | 1 | |a Gazda, Vladimír | |